000 00401nmm a2200145Ia 4500
008 251105s9999||||xx |||||||||||||||||und||
041 _aspa
100 _aHofmann, Corinne
245 0 _aVolviendo de África
264 _a[Madrid, España] :
_bEdiciones B,
_c2014
300 _a304 páginas
650 _aOther narratives
856 _uhttps://public.digitaliapublishing.com/a/53052
942 _cCF
999 _c105112
_d105112